1602 1932 1435 1712 1857 1428 1826 1409 1321 1008 1905 1621 1437 1105 1738 1015 1315 1012 1433 1500 1772 1254 1955 1069 1433 1410 1973 1149 1620 1926 1706 1698 1888 1772 1434 1610 1200 1805 1528 1431 1952 1299 1872 1334 1703 1850 1199 1429 1258 1407 1472 1900 1882 1827 1577 1370 1099 1452 1118 1464 1044 1229 1862 1331 1860 1813 1755 1003 1415 1045 1088 1521 1084 1159 1759 1023 1937 1048 1913 1919 1116 1103 1443 1508 1938 1851 1969 1214 1344 1256 1997 1907 1533 1732 1333 1217 1381 1322 1427 BCNSPRNW ULIB Ver.6.0+V

เปลี่ยนเป็นภาษาไทย

Change to English
 แสดงรายละเอียดบรรณานุกรม
  กลับหน้าหลัก

Brief Record : Get Marc (ISO 2709) : E-mail record : QR code < ปิดหน้าต่าง
LEADER : 00000nam 2200000uu 4500
001    13399114769
003     ULIB
008    120517s2553||||th 000 0 tha d
020    ^a9786167283197
060  4 ^aWB39^bป615ว
110 1  ^aปิติกานต์ บูรณาภาพ
245 00 ^aวินาทีฉุกเฉิน คุณช่วยได้/^cปิติกานต์ บูรณาภาพ
260    ^aกรุงเทพฯ:^bวิทยสถาน,^c2553
300    ^a224 หน้า
650  7 ^aฉุกเฉิน
650  7 ^aการช่วยเหลือ
650  7 ^aอุบัติเหตุ
945    ^p170^l0^i19050
995    ^aกัณชพร
999 ^a ใช้งานได้ทุกระบบ
รายการนี้ยังไม่มีแท็ก
คุณยังไม่ได้ล็อกอิน คุณสามารถมีกิจกรรมร่วมกับเว็บไซต์ได้ แต่ต้องล็อกอินก่อน ::
  ล็อกอิน

รายการสื่อสารสนเทศ

ลำดับที่ ประเภท เลขเรียก/บาร์โค้ด สถานที่ สถานะ
1. วิทยาศาสตร์การแพทย์ และสุขภาพ
วิทยาศาสตร์การแพทย์ และสุขภาพ
WB39 ป615ว  
  Barcode: 19050
ห้องสมุดวิทยาเขตนครสวรรค์
►ส่วนจัดเก็บหนังสือเก่า นว.
บนชั้น
  ขอยืม

รายการใกล้เคียง
    หัวเรื่อง [ฉุกเฉิน]
    หัวเรื่อง [การช่วยเหลือ]
    หัวเรื่อง [อุบัติเหตุ]

BibComment


ยังไม่เคยถูกคอมเมนท์

คอมเมนท์ทรัพยากรรายการนี้
  คอมเมนท์: วินาทีฉุกเฉิน ค..


 Copyright 2026. Bcnsprnw @Library